000
00316nam a2200133Ia 4500
008
230917s9999||||xx |||||||||||||| ||und||
040
_e
148285
_a
MAIN
041
_a
English
082
_a
810 N164S
100
_a
Narasimharh
245
0
_a
Student handbook of american literature
300
_a
499p p.
942
_c
BK
999
_c
205967
_d
205967